Trace the United Kingdom on a Map by Guessing Cities - Statistics

General Stats
  • This quiz has been taken 97 times
  • The average score is 28 of 55
Answers on the Map
Answers color-coded by a green-red scale on the quiz's map according to % correct below.
 
Answer Stats
City % Correct
Edinburgh
89%
Newcastle Upon Tyne
86%
Aberdeen
84%
Inverness
84%
Dover
73%
St Andrews
73%
Cardiff
71%
Liverpool
71%
Belfast
70%
Southampton
67%
Swansea
66%
Dundee
64%
Blackpool
63%
Plymouth
63%
Kingston upon Hull
62%
Sunderland
62%
Exeter
58%
Derry/Londonderry
56%
Brighton and Hove
55%
Bristol
55%
John o' Groats
55%
Berwick-Upon-Tweed
53%
Bournemouth
53%
Grimsby
52%
Lancaster
52%
Southend-on-Sea
51%
Penzance
49%
Ipswich
48%
Aberystwyth
47%
Middlesbrough
47%
Newport
45%
Whitby
44%
Barrow-in-Furness
42%
Bangor
41%
Scarborough
41%
St Ives
41%
Colchester
40%
Dumfries
40%
Dunfermline
38%
Folkestone
38%
Fort William
38%
Margate
38%
Skegness
38%
Alnwick
37%
Eastbourne
37%
King's Lynn
37%
Arbroath
36%
Cromer
36%
Great Yarmouth
36%
Peterhead
36%
Ayr
32%
Weymouth
32%
Newry
27%
Armagh
26%
Greenock
26%
No matching quizzes found
Score Distribution
Percent of People with Each Score
Percentile by Number Answered
Your Score History
You have not taken this quiz